Normal view
MARC view
Entry Nome pessoal
001 - NÚMERO DE CONTROLE
- campo de controle: 55
003 - IDENTIFICADOR DO NÚMERO DE CONTROLE
- campo de controle: Br
005 - DATA E HORÁRIO DA ÚLTIMA TRANSAÇÃO
- campo de controle: 20250121095259.0
008 - CAMPO DE DADOS FIXOS
- campo de controle de tamanho fixo: 121214|| acnacaban aaaa
035 ## - NÚMERO DE CONTROLE DO SISTEMA
- Número de Controle do Sistema: 2012121409410548med
040 ## - FONTE DA CATALOGAÇÃO
- Instituição da catalogação original: blrjbn
- Instituição que transcreveu o registro: blrjbn
100 1# - CABEÇALHO--NOME PESSOAL
- Nome pessoal: Amaral, Domingos,
- Datas associadas ao nome: 1967-
400 1# - REMISSIVA VER--NOME PESSOAL
- Nome pessoal: Amaral, Domingos Freitas do
- Datas associadas ao nome: 1967-
400 1# - REMISSIVA VER--NOME PESSOAL
- Nome pessoal: Freitas do Amaral, Domingos
- Datas associadas ao nome: 1967-
670 ## - FONTE POSITIVA DOS DADOS
- Citação da fonte positiva dos dados: Autor de: Quando Lisboa tremeu... 2011
- Dados encontrados na fonte localizada no subcampo: (orelha: nasceu em Portugal. Formado em Economia e mestre em Relações Internacionais; ficha cat.: d.n.)
670 ## - FONTE POSITIVA DOS DADOS
- Citação da fonte positiva dos dados: http://authorities.loc.gov
- Dados encontrados na fonte localizada no subcampo: (nasceu em Lisboa, em 1967)
670 ## - FONTE POSITIVA DOS DADOS
- Citação da fonte positiva dos dados: http://catalogo.bnportugal.pt/#focus 14/12/2012
- Dados encontrados na fonte localizada no subcampo: (d.n.)